| 000 | 00900nam a2200205Ii 4500 | ||
|---|---|---|---|
| 003 | JO-AjNU | ||
| 008 | 230605s9999||||xx |||||||||||||| ||und|| | ||
| 017 | _a2012/7/2753 | ||
| 040 |
_aJO-AjNU _bara _erda _cJO-AjNU |
||
| 041 | _aara | ||
| 050 | 1 | 4 | _aHC415.26.2012 |
| 100 | 3 |
_aدراسة وتجقيق هند غسان ابو الشعر، دراسة وتجقيق عبدالله مطلق العساف, _eauthor _949416 |
|
| 245 | 0 | 0 | _aمأدبا(1923-1927) الملامح الاجتماعية والاقتصادية من خلال سجل مقررات مجلس البلدية |
| 264 | 3 | 1 | _aعمان:وزارة الثقافة،2012 |
| 300 |
_a742ص _bيضم الكتاب الاختام والتوقيعات ص709-ص742 |
||
| 336 |
_atext _btxt _2rdacontent |
||
| 337 |
_aunmediated _bn _2rdamedia |
||
| 338 |
_avolume _bnc _2rdacarrier |
||
| 650 | 4 |
_aمادبا-قررات مجلس البلدية _949417 |
|
| 999 |
_aA21703 _c25271 _d25271 |
||